000 02066nam a2200385 c 4500
003 BLK
005 20220905141109.0
008 180409b bul|||||r ||||||| ||bul||
010 _aKNG00134755000
020 _a978-954-529-748-9
_bиздат.: Колибри - на том(кн. 1)
040 _aBLK
041 _aBUL
_cENG
_hENG
072 7 _2bullib
_aН80
_xЕзикознание Н
080 _aАнглийски език
_b811.111
_x(076)(075)
_z811.111(076)(075)
100 1 _aМърдок-Стърт, Сирина
_eпърви автор
_999938
700 1 _aМаркова, Анна Владимирова
_eпрев. от фр.
_9298243
139 _aМърдок-Стърт, Сирина
_bМ 97
245 1 0 _aКак да общуваме на английски
_bЧ. 1 - 3
_cСирина Мърдок-Стърт; прев. от фр. Анна Владимирова Маркова.
_nЧ. 1
_pПрофесионални разговори по телефона, бизнес кореспонденция, факсове, интернет и електронна поща
257 _aFRA
260 София
_c2010 - 2011
_fСофия : Симолини
300 _c24 см
380 _a80
500 _aОриг. загл. Communiquer en anglais / Serena Murdoch-Stern. - Името на прев. отбелязано на гърба на загл. с.
650 4 _aАнглийски език - учебници
_9266062
653 _aанглийски език
653 _aучебници
653 _aбизнес кореспонденция
659 _aН
760 1 _3- на том(кн. 1)
_aМърдок-Стърт, Сирина
_dКолибри, 2010
_h124 с.
_mключ
_tЧ. 1 Професионални разговори по телефона, бизнес кореспонденция, факсове, интернет и електронна поща
852 _aЦб 255176
856 4 _qpdf
_u
856 4 _qpdf
_u
942 _cKNG
_n0
_01
944 _aCR
_c10.10.2012
_lф /
_kЛюдмила_Стоянова
944 _aED
_c27.02.2013
_lф /
_k
999 _c129022
_d129022